LEADER 01912oem 2200433Ia 450 001 9910697724103321 005 20081117145511.0 035 $a(CKB)5470000002391734 035 $a(OCoLC)256021344 035 $a(EXLCZ)995470000002391734 100 $a20080923d2008 ua 101 0 $aeng 135 $aurmn|--|m|||| 181 $ccrd$2rdacontent 182 $cc$2rdamedia 183 $acr$2rdacarrier 200 00$aHigh-resolution chirp and mini-sparker seismic-reflection data from the southern California continental shelf, Gaviota to Mugu Canyon$b[electronic resource] /$fby Ray W. Sliter ... [and others] 210 1$a[Reston, Va.] :$cU.S. Geological Survey,$d[2008] 215 $a1 electronic document $cHTML, digital, NAV, TIFF, SEG-Y, and JPEG files 225 1 $aOpen-file report ;$v2008-1246 300 $aTitle from HTML index page (viewed on Sept. 19, 2008). 300 $aSome data files provided in zipped format. 320 $aIncludes bibliographical references. 327 $aHome -- Introd. -- Data acquisition and processing -- Survey map -- Data tables -- References -- Metadata. 606 $aContinental shelf$zCalifornia$xRemote sensing$vObservations 606 $aOcean bottom$zCalifornia$zSanta Barbara Channel$xRemote sensing$vObservations 607 $aSanta Barbara Channel (Calif.)$xEnvironmental conditions$vObservations 607 $aPacific Coast (Calif.)$xEnvironmental conditions$vObservations 615 0$aContinental shelf$xRemote sensing 615 0$aOcean bottom$xRemote sensing 701 $aSliter$b Ray W$01405982 712 02$aGeological Survey (U.S.) 801 0$bGIS 801 1$bGIS 801 2$bGPO 906 $aBOOK 912 $a9910697724103321 996 $aHigh-resolution chirp and mini-sparker seismic-reflection data from the southern California continental shelf, Gaviota to Mugu Canyon$93483682 997 $aUNINA